LEADER 01648nam a2200313 i 4500 001 000000247488 003 CaOOAMICUS 005 20221014115636.0 008 160115s1805 it u000 u ita u 013 $a226393 026 $alii- i-ri mala stda (3) 1805 (R) 040 $aSeMil$bita 100 1 $aBourdaloue, Louis,$c.$0(OLS)http://semarc/name/5823 245 10$aPanegirici e sermoni del padre Luigi Bourdaloue della Compagnia di Gesu per le feste de' santi, e per le vestiture e professioni religiose. Trasportati dal francese nell'italiano. 260 $aVenezia :$bNella stamperia Baglioni,$c1805. 300 $aVIII, 212 p. ;$c4º. 500 $aIniz., fregi xilogr. 500 $aMarca editoriale: Aquila bicipite con una corona tra le due teste. In una cornice vegetale. (Repertorio consultato: Marte, BNC Roma). 500 $aDalla Biblioteca del Card. Colombo 500 $aSegn.: a4 A-2B4 2C6 (-2C6) 500 $aLegato con 2C-VII-10 FA 650 4$aPrediche, omelie, sermoni - Sec. 17.-18.$0(OLS)http://semarc/subject/1983 700 1 $aBaglioni,$c.$0(OLS)http://semarc/name/475 850 $aSeMil 852 $aSeMil$W1$xVenegono$y1$m2C VII 11 FA$j197834$B197834$CSeMilBibl$Z2$F208846 $8I 961 $aLascito: Colombo Card. Giovanni 996 $6245$aPanegirici e sermoni del padre Luigi Bourdaloue della Compagnia di Gesu per le feste de' santi, e per le vestiture e professioni religiose. Trasportati dal francese nell'italiano$9(OLS)http://semarc/title/349471 996 $6260$aVenezia :$bNella stamperia Baglioni$9(OLS)http://semarc/publisher/36439 LEADER 00731nam a2200169 i 4500 001 000000065900 003 CaOOAMICUS 005 20130529000000.0 008 130529s1891 xx u000 u lat u 013 $a37072 040 $aSeMil$bita 245 10$aTomus 3, Pars 2a, 2ae, a Qu. 1. usque ad Qu. 123. 300 $a700 p. 773 0 $aTommaso : d'Aquino $tS. Thomae Aquinatis Summa theologica.$bEd. 4. taurinensis.$dAugustae Taurinorum : Typographia pontificia et archiepiscopalis eq. P. Marietti, 1891.$g3$w()28584 850 $aSeMil 852 $aSeMil$W1$xVenegono$y1$m2N II 36 FA$j32053$B32053$CSeMilBibl$Z2$F32056 $8I 996 $6245$aTomus 3, Pars 2a, 2ae, a Qu. 1. usque ad Qu. 123$9(OLS)http://semarc/title/104686